<?xml version="1.0" encoding="UTF-8"?>
<record
    xmlns:xsi="http://www.w3.org/2001/XMLSchema-instance"
    xsi:schemaLocation="http://www.loc.gov/MARC21/slim http://www.loc.gov/standards/marcxml/schema/MARC21slim.xsd"
    xmlns="http://www.loc.gov/MARC21/slim">

  <leader>02203cam a2200265 i 4500</leader>
  <controlfield tag="001">13574048</controlfield>
  <controlfield tag="005">20241113170155.0</controlfield>
  <controlfield tag="008">240529s2024    enk      b    001 0 eng  </controlfield>
  <datafield tag="010" ind1=" " ind2=" ">
    <subfield code="a">  2024023112</subfield>
  </datafield>
  <datafield tag="020" ind1=" " ind2=" ">
    <subfield code="a">9781398615472</subfield>
  </datafield>
  <datafield tag="035" ind1=" " ind2=" ">
    <subfield code="a">(OCoLC)1396140731</subfield>
  </datafield>
  <datafield tag="035" ind1=" " ind2=" ">
    <subfield code="a">(OCoLC)on1396140731</subfield>
  </datafield>
  <datafield tag="035" ind1=" " ind2=" ">
    <subfield code="a">(OCoLC)1396140731</subfield>
  </datafield>
  <datafield tag="040" ind1=" " ind2=" ">
    <subfield code="a">DLC</subfield>
    <subfield code="b">eng</subfield>
    <subfield code="e">rda</subfield>
    <subfield code="c">DLC</subfield>
    <subfield code="d">OCLCO</subfield>
    <subfield code="d">PUL</subfield>
  </datafield>
  <datafield tag="041" ind1=" " ind2=" ">
    <subfield code="a">eng</subfield>
  </datafield>
  <datafield tag="050" ind1="0" ind2="0">
    <subfield code="a">HF5415.5</subfield>
    <subfield code="b">.L65 2024</subfield>
  </datafield>
  <datafield tag="245" ind1="1" ind2="4">
    <subfield code="a">The future of luxury customer experience</subfield>
    <subfield code="b">: how to create high-value, personalized omnichannel experiences</subfield>
    <subfield code="c">/ Gabriella Lojacono.</subfield>
  </datafield>
  <datafield tag="260" ind1=" " ind2=" ">
    <subfield code="a">London ;</subfield>
    <subfield code="a">New York, NY :</subfield>
    <subfield code="b">Kogan Page,</subfield>
    <subfield code="c">2024.</subfield>
  </datafield>
  <datafield tag="300" ind1=" " ind2=" ">
    <subfield code="a">xviii, 324 pages ;</subfield>
    <subfield code="c">24 cm</subfield>
  </datafield>
  <datafield tag="520" ind1=" " ind2=" ">
    <subfield code="a">What is a luxury customer experience and how can luxury brands best use emerging technologies in order to create truly unique, high-end experiences for their customers? These are the questions that The Future of Luxury Customer Experience has been designed to answer, as it explores how luxury brands can best utilize new technologies to deliver experiences that surprise and delight customers in a truly omnichannel environment. Using case studies from world-leading luxury retailers such as Dior, Chanel and Ferrari, this book explains what makes a luxury customer experience different. Learn how luxury brands need to evolve in order to adapt to the changing landscape, using data and the latest technology to provide exceptional customer experiences whilst protecting their customer's privacy. Written by experts from the world-leading SDA Bocconi School of Management, this book provides a thorough understanding of how to create and deliver luxury customer experiences that will build long-lasting customer loyalty, as well as how these experiences can build and support brand awareness. Covering topics such as inclusivity and social responsibility, the use of AI and virtual experiences, as well as how set KPIs to evaluate success, this book provides practical advice on how to create a luxury customer experience that will deliver exceptional results.</subfield>
  </datafield>
  <datafield tag="650" ind1=" " ind2="0">
    <subfield code="a">Customer relations</subfield>
    <subfield code="9">3627</subfield>
  </datafield>
  <datafield tag="650" ind1=" " ind2="0">
    <subfield code="a">Electronic commerce</subfield>
    <subfield code="9">1263</subfield>
  </datafield>
  <datafield tag="700" ind1=" " ind2=" ">
    <subfield code="a">Lojacono, Gabriella</subfield>
    <subfield code="9">13777</subfield>
    <subfield code="e">editor</subfield>
  </datafield>
  <datafield tag="942" ind1=" " ind2=" ">
    <subfield code="2">lcc</subfield>
  </datafield>
  <datafield tag="952" ind1=" " ind2=" ">
    <subfield code="0">0</subfield>
    <subfield code="1">0</subfield>
    <subfield code="2">lcc</subfield>
    <subfield code="4">0</subfield>
    <subfield code="7">0</subfield>
    <subfield code="a">TBS</subfield>
    <subfield code="b">TBS</subfield>
    <subfield code="d">2024-11-13</subfield>
    <subfield code="l">1</subfield>
    <subfield code="o">HF5415.5 LOJ</subfield>
    <subfield code="p">B06001</subfield>
    <subfield code="r">2026-02-27</subfield>
    <subfield code="s">2025-12-17</subfield>
    <subfield code="t">1</subfield>
    <subfield code="w">2024-11-13</subfield>
    <subfield code="y">1</subfield>
  </datafield>
  <datafield tag="999" ind1=" " ind2=" ">
    <subfield code="c">4416</subfield>
    <subfield code="d">4416</subfield>
  </datafield>
</record>
